[Event "Challenge"]
[Site "http://www.queenalice.com/game.php?id=1467306"]
[Date "2017.3.3"]
[Round "-"]
[White "Rodrigosm"]
[Black "lelinho"]
[Result "0-1"]
[WhiteElo "1547"]
[BlackElo "2067"]

1. e4 e5 2. Nf3 Nc6 3. Nxe5 Nxe5 4. Qh5 d6 5. Nc3 Nf6 6. Qe2 Be6 7. Qb5+ Bd7 8.
Qxb7 Bc6 9. Qa6 Be7 10. Be2 O-O 11. O-O Nxe4 12. d4 Nxc3 13. bxc3 Bxg2 14. Kxg2
Ng6 15. Qd3 Bg5 16. Ba3 Nf4+ 17. Kh1 Nxd3 18. Bxd3 Bd2 19. Rg1 Qh4 20. Be4 Qxe4+
21. Rg2 Bxc3 22. Rg1 Bxd4 23. c3 Bxc3 24. Bc1 h5 25. Rf1 h4 26. f3 Qc4 27. Rfg1
Rae8 28. h3 Re1 29. Rxg7+ Bxg7 30. Bh6 Rxg1+ 31. Kxg1 Bxh6 32. Kg2 Qe2+ 33. Kh1
Qf1+ 34. Kh2 Bf4# 0-1

[Event "AUTO-MASTER-2615"]
[Site "http://www.queenalice.com/game.php?id=1485566"]
[Date "2017.7.10"]
[Round "1"]
[White "chessman"]
[Black "lelinho"]
[Result "1/2-1/2"]
[WhiteElo "1966"]
[BlackElo "2116"]

1. e4 c5 2. Nf3 d6 3. Bb5+ Bd7 4. Bxd7+ Qxd7 5. O-O g6 6. c3 Nc6 7. d4 cxd4 8.
cxd4 Bg7 9. Nc3 Nf6 10. Re1 O-O 11. Qe2 Rac8 12. Be3 e5 13. Rad1 exd4 14. Nxd4
Ng4 15. Nxc6 Nxe3 16. Qxe3 bxc6 17. e5 d5 18. f4 Rce8 19. Qc5 Rb8 20. b3 Rfe8
21. Ne4 Re6 22. Ng5 Ree8 23. Ne4 Qc7 24. Nd6 Re6 25. Rxd5 f6 26. Nc4 fxe5 27.
Nxe5 Rb5 28. Rd7 Rxc5 29. Rxc7 Bxe5 30. Rxe5 Rexe5 31. fxe5 Rxe5 32. Rxa7 Re2
33. a3 c5 34. Rc7 Rb2 35. Rxc5 Rxb3 36. Ra5 Rb2 37. Ra7 Ra2 38. a4 h5 39. a5 g5
40. a6 h4 41. Ra8+ Kg7 42. a7 g4 43. Rc8 Ra1+ 44. Kf2 Ra2+ 45. Kf1 Rxa7 46. Rc4
Ra1+ 47. Kf2 Ra2+ 48. Kf1 Ra1+ 49. Kf2 Ra2+ 50. Kf1 Ra1+ 1/2-1/2

[Event "AUTO-MASTER-2615"]
[Site "http://www.queenalice.com/game.php?id=1485567"]
[Date "2017.7.10"]
[Round "1"]
[White "lelinho"]
[Black "chessman"]
[Result "1-0"]
[WhiteElo "2101"]
[BlackElo "1850"]

1. d4 d5 2. c4 c6 3. e3 Nf6 4. Nc3 e6 5. Nf3 Be7 6. Bd3 O-O 7. O-O Re8 8. h3
Nbd7 9. Ne5 dxc4 10. Nxc4 a6 11. a3 Nf8 12. b4 Ng6 13. Bb2 b6 14. Qc2 Nd5 15.
Ne5 Bb7 16. Nxg6 hxg6 17. Nxd5 cxd5 18. Qe2 Qd7 19. Rac1 b5 20. Qg4 Bf6 21. Qg3
Rac8 22. Rc5 Be7 23. Rxc8 Rxc8 24. Rc1 Rxc1+ 25. Bxc1 Bf6 26. Bb2 Qc6 27. f3 Kf8
28. Qb8+ Ke7 29. e4 Bg5 30. Kf2 Qc8 31. Qa7 Qc6 32. g3 Kd7 33. Qc5 Be7 34. Qxc6+
Bxc6 35. e5 f6 36. exf6 Bxf6 37. Bxg6 Kd6 38. f4 Ke7 39. Kf3 Be8 40. Bd3 Bh5+
41. g4 Bf7 42. g5 1-0

[Event "AUTO-MASTER-2615"]
[Site "http://www.queenalice.com/game.php?id=1485582"]
[Date "2017.7.10"]
[Round "1"]
[White "lelinho"]
[Black "areis"]
[Result "0-1"]
[WhiteElo "2111"]
[BlackElo "2083"]

1. d4 Nf6 2. c4 e6 3. Nc3 d5 4. Nf3 Be7 5. e3 O-O 6. Bd3 b6 7. cxd5 exd5 8. h3
Ba6 9. O-O Bxd3 10. Qxd3 a6 11. a3 c6 12. Bd2 Nbd7 13. b4 Bd6 14. e4 dxe4 15.
Nxe4 Nxe4 16. Qxe4 Rc8 17. Rac1 Nf6 18. Qd3 a5 19. bxa5 bxa5 20. Bg5 h6 21. Bh4
g5 22. Bg3 Kg7 23. Ne5 Bxe5 24. Bxe5 Kg8 25. Qf3 Nd5 26. Rfd1 Qd7 27. Qh5 Qe6
28. Re1 Qg6 29. Qxg6+ fxg6 30. Rc5 Kf7 31. Rxa5 Ra8 32. Rxa8 Rxa8 33. Bd6 Ra7
34. Rc1 Ra6 35. g3 h5 36. Kg2 Ke6 37. Bc5 Kf7 38. Kf3 Kf6 39. Re1 Ra4 40. Re8
Ra6 41. Rf8+ Kg7 42. Rb8 Kf7 43. Rb7+ Ke6 44. Ra7 Rxa7 45. Bxa7 Nc3 46. a4 Nxa4
47. Ke3 Kd5 48. Kd3 Nb2+ 49. Kc2 Nc4 50. Kd3 Nd6 51. Bc5 Ne4 52. Be7 Nxf2+ 53.
Ke3 Nxh3 54. Bf6 g4 55. Ke2 Ke4 56. Kd2 Ng1 57. Bg7 Kf3 58. Be5 Ne2 0-1

[Event "AUTO-MASTER-2615"]
[Site "http://www.queenalice.com/game.php?id=1485583"]
[Date "2017.7.10"]
[Round "1"]
[White "areis"]
[Black "lelinho"]
[Result "1-0"]
[WhiteElo "2064"]
[BlackElo "2115"]

1. d4 g6 2. Nf3 Bg7 3. Bf4 d6 4. e3 c5 5. c3 cxd4 6. exd4 Nc6 7. Bb5 Bd7 8. O-O
Nf6 9. Re1 O-O 10. Na3 a6 11. Bc4 Rc8 12. Qd2 b5 13. Bb3 Na5 14. Bc2 Bg4 15. Bd1
Nc4 16. Nxc4 Rxc4 17. h3 Bd7 18. Ng5 h6 19. Nf3 Kh7 20. Bc2 Nh5 21. Bh2 Nf6 22.
Re2 Bc6 23. Qd3 Bb7 24. Nh4 e6 25. Nxg6 fxg6 26. Qxg6+ Kh8 27. Rxe6 Rc7 28. Rxd6
Rd7 29. Re6 Kg8 30. Rae1 Bd5 31. Rxa6 Re7 32. Be5 Qe8 33. Qg3 Kh8 34. Re3 Qh5
35. f4 Qe8 36. Qh4 Re6 37. Ra7 Rf7 38. Ra5 Nh7 39. Rg3 Bxe5 40. fxe5 Bc4 41. Be4
Rf8 42. Ra7 Rf1+ 43. Kh2 Nf8 44. Rag7 1-0

[Event "AUTO-MASTER-2615"]
[Site "http://www.queenalice.com/game.php?id=1485584"]
[Date "2017.7.10"]
[Round "1"]
[White "lelinho"]
[Black "miltonlovisk"]
[Result "1-0"]
[WhiteElo "2080"]
[BlackElo "1981"]

1. d4 d5 2. c4 dxc4 3. e3 Qd6 4. Bxc4 Nf6 5. Nc3 c6 6. Nf3 Bg4 7. O-O Nbd7 8. h3
Bxf3 9. Qxf3 e6 10. b3 e5 11. a4 exd4 12. Ne4 Qe5 13. Nxf6+ Nxf6 14. Bb2 Bd6 15.
g3 O-O 16. Bxd4 Qg5 17. Bxf6 gxf6 18. Rad1 Rad8 19. Rd4 h5 20. Rh4 Rfe8 21. Rxh5
Qg6 22. Rh4 f5 23. Bd3 Bxg3 24. Bxf5 Bxh4+ 25. Bxg6 fxg6 26. Qg4 g5 27. Qf5 Kg7
28. Qa5 a6 29. Qc7+ Kh6 30. Qxb7 Re6 31. Qxa6 Red6 32. Qc4 Rf8 33. a5 Rdf6 34.
f4 gxf4 35. Rxf4 Bg5 36. Rxf6+ Rxf6 37. e4 Rg6 38. Kf2 Kh5 39. a6 Kh4 40. a7 1-0

[Event "AUTO-MASTER-2615"]
[Site "http://www.queenalice.com/game.php?id=1485585"]
[Date "2017.7.10"]
[Round "1"]
[White "miltonlovisk"]
[Black "lelinho"]
[Result "0-1"]
[WhiteElo "1985"]
[BlackElo "2092"]

1. e4 c5 2. Nf3 d6 3. d4 cxd4 4. Nxd4 Nf6 5. f3 g6 6. Bc4 Bg7 7. Bb3 O-O 8. c3
Nc6 9. Nxc6 bxc6 10. Bg5 h6 11. Be3 Ba6 12. Qd2 Nd7 13. Bxh6 Bxh6 14. Qxh6 e6
15. h4 Nf6 16. g4 Qa5 17. Qg5 Qxg5 18. hxg5 Nd7 19. Kf2 Nc5 20. Bc2 e5 21. Nd2
Bd3 22. Rac1 Kg7 23. Ke3 Ba6 24. Rh2 Rh8 25. Rch1 Rxh2 26. Rxh2 Rh8 27. Rxh8
Kxh8 28. f4 exf4+ 29. Kxf4 Ne6+ 30. Kg3 Nxg5 31. Nf3 Nxf3 32. Kxf3 Kg7 33. g5 c5
34. Kf4 f6 35. a3 Bb7 36. Bd3 a5 37. Bc2 d5 38. exd5 Bxd5 39. b3 f5 40. c4 Bc6
41. b4 cxb4 42. axb4 axb4 43. Ke5 Kf7 44. Kd6 Be4 45. Bd1 Ke8 46. Kc5 f4 47. Be2
b3 0-1

[Event "AUTO-OPEN-3823"]
[Site "http://www.queenalice.com/game.php?id=1485831"]
[Date "2017.7.13"]
[Round "1"]
[White "pomar"]
[Black "lelinho"]
[Result "1-0"]
[WhiteElo "2002"]
[BlackElo "2118"]

1. f3 e5 2. Kf2 e4 3. c4 Bc5+ 4. e3 d6 5. d4 exd3 6. Bxd3 Nc6 7. a3 a6 8. Ne2
Nf6 9. b4 Ba7 10. Re1 Be6 11. Nbc3 Ne5 12. Nd4 Nxd3+ 13. Qxd3 Bd7 14. e4 O-O 15.
Kf1 h6 16. Bb2 Nh5 17. Nd5 c6 18. Ne3 Qh4 19. Kg1 Rae8 20. Qc3 c5 21. bxc5 Bxc5
22. g4 Nf4 23. Ndf5 Qg5 24. Nxg7 Re5 25. Nf5 Bxf5 26. exf5 Rxe3 27. Qh8# 1-0

[Event "AUTO-OPEN-3823"]
[Site "http://www.queenalice.com/game.php?id=1485832"]
[Date "2017.7.13"]
[Round "1"]
[White "lelinho"]
[Black "pomar"]
[Result "1-0"]
[WhiteElo "2104"]
[BlackElo "2016"]

1. d4 e6 2. c4 d5 3. Nc3 a6 4. e3 dxc4 5. Bxc4 b5 6. Be2 Bb7 7. Nf3 c5 8. O-O
Nc6 9. Re1 cxd4 10. exd4 Bd6 11. d5 Nce7 12. dxe6 fxe6 13. Bf1 Qd7 14. Bg5 Nf6
15. Qb3 Bxf3 16. gxf3 Kf7 17. Rad1 Ned5 18. Bh3 Rhe8 19. Nxd5 Nxd5 20. Rxd5
Bxh2+ 21. Kxh2 Qxd5 22. Bxe6+ Qxe6 23. Rxe6 Rxe6 24. f4 g6 25. Qd5 Re8 26. f5
gxf5 27. Qxf5+ Kg8 28. Bf6 Re2 29. Qg5+ Kf7 30. Qg7+ Ke6 31. Bd4 Kd5 32. Qd7+
Kc4 33. b3+ Kd3 34. Be3+ 1-0

[Event "AUTO-OPEN-3823"]
[Site "http://www.queenalice.com/game.php?id=1485853"]
[Date "2017.7.13"]
[Round "1"]
[White "mascarade"]
[Black "lelinho"]
[Result "0-1"]
[WhiteElo "1788"]
[BlackElo "2113"]

1. Nf3 Nf6 2. g3 g6 3. Bg2 Bg7 4. d4 O-O 5. c4 d6 6. O-O c6 7. Nc3 Nbd7 8. e4 e5
9. d5 cxd5 10. cxd5 Nc5 11. Nh4 Nh5 12. b4 Nd7 13. Nf5 Ndf6 14. Ne3 Ne8 15. a4
Bh8 16. Bb2 a6 17. Ba3 Bd7 18. Qb3 f5 19. exf5 gxf5 20. b5 f4 21. Nc4 f3 22. Bh1
Qf6 23. Ne4 Qg6 24. Ncxd6 Nxd6 25. Bxd6 Qxe4 26. Bxf8 Rxf8 27. d6+ Rf7 28. Bxf3
Qxf3 0-1

[Event "AUTO-OPEN-3823"]
[Site "http://www.queenalice.com/game.php?id=1485854"]
[Date "2017.7.13"]
[Round "1"]
[White "lelinho"]
[Black "mascarade"]
[Result "1-0"]
[WhiteElo "2103"]
[BlackElo "1737"]

1. d4 d5 2. c4 e5 3. Nc3 Bb4 4. e3 Be6 5. Bd2 dxc4 6. Qa4+ Nc6 7. Nf3 Bxc3 8.
Bxc3 Ne7 9. Nxe5 O-O 10. Nxc6 Nxc6 11. Qb5 Rb8 12. Bxc4 Bxc4 13. Qxc4 Qg5 14.
O-O a6 15. d5 Na7 16. f4 Qd8 17. a4 Qe7 18. Qd4 1-0

[Event "AUTO-OPEN-3823"]
[Site "http://www.queenalice.com/game.php?id=1485867"]
[Date "2017.7.13"]
[Round "1"]
[White "lelinho"]
[Black "yclaudiu35"]
[Result "1-0"]
[WhiteElo "2105"]
[BlackElo "2075"]

1. d4 d5 2. c4 dxc4 3. e3 Qd5 4. Nc3 Qc6 5. Nf3 Bg4 6. Be2 Nd7 7. h3 Bxf3 8.
Bxf3 Qa6 9. O-O c6 10. Bd2 e6 11. e4 b5 12. d5 Ne5 13. dxe6 fxe6 14. Be2 Nd3 15.
Qc2 Nc5 16. Bg5 h6 17. Be3 O-O-O 18. Bg4 Re8 19. e5 Nd7 20. Qg6 Rd8 21. Qxe6 Qb7
22. Rfd1 g5 23. Rxd7 Rxd7 24. Rd1 Ne7 25. Rxd7 1-0

[Event "AUTO-OPEN-3823"]
[Site "http://www.queenalice.com/game.php?id=1485868"]
[Date "2017.7.13"]
[Round "1"]
[White "yclaudiu35"]
[Black "lelinho"]
[Result "0-1"]
[WhiteElo "2031"]
[BlackElo "2081"]

1. e4 c5 2. Nf3 d6 3. d4 cxd4 4. Nxd4 Nf6 5. f3 Nc6 6. Bb5 Bd7 7. Bxc6 bxc6 8.
a3 e6 9. Bg5 Be7 10. O-O h6 11. Bh4 Qb6 12. Bf2 Qxb2 13. Nd2 Qb7 14. Nc4 d5 15.
exd5 cxd5 16. Na5 Qc7 17. Nab3 O-O 18. Qd2 Rac8 19. Rfc1 e5 20. Ne2 d4 21. c3
dxc3 22. Rxc3 Qb7 23. Nec1 Nd5 24. Rxc8 Rxc8 25. Na5 Qb5 26. a4 Bg5 27. Qxg5
Qxa5 28. Qxe5 Re8 29. Qg3 Qc3 30. Rb1 Qc2 31. Qd6 Qd1+ 0-1

[Event "AUTO-MASTER-2616"]
[Site "http://www.queenalice.com/game.php?id=1485925"]
[Date "2017.7.13"]
[Round "1"]
[White "lelinho"]
[Black "sabat"]
[Result "0-1"]
[WhiteElo "2103"]
[BlackElo "2300"]

1. d4 d5 2. c4 c6 3. e3 Nf6 4. Nc3 Bf5 5. Nf3 e6 6. a3 Nbd7 7. h3 Bd6 8. c5 Bc7
9. b4 e5 10. dxe5 Nxe5 11. Be2 O-O 12. Nd2 d4 13. exd4 Qxd4 14. Bb2 Nd3+ 15.
Bxd3 Qxd3 16. Qb1 Rfe8+ 17. Kd1 Qxd2+ 18. Kxd2 Bf4+ 0-1

[Event "AUTO-MASTER-2616"]
[Site "http://www.queenalice.com/game.php?id=1485926"]
[Date "2017.7.13"]
[Round "1"]
[White "sabat"]
[Black "lelinho"]
[Result "1-0"]
[WhiteElo "2368"]
[BlackElo "2105"]

1. d4 g6 2. c4 Bg7 3. Nc3 Nf6 4. e4 d6 5. Nf3 O-O 6. Be2 e5 7. Be3 Nc6 8. d5 Ne7
9. O-O Nh5 10. Ne1 Nf6 11. Nd3 Ne8 12. c5 f5 13. f3 f4 14. Bf2 Nf6 15. Rc1 Kh8
16. cxd6 cxd6 17. Nb5 a6 18. Nc7 Rb8 19. Ba7 Bd7 20. Bxb8 Qxb8 21. Qb3 g5 22.
Rc2 g4 23. Ne6 gxf3 24. gxf3 Rg8 25. Rfc1 Bb5 26. Kh1 Bd7 27. Rc7 b5 28. Nxe5
dxe5 29. Ng5 h6 30. Nf7+ Kh7 31. Nxe5 Rc8 32. Nxd7 Nxd7 33. d6 1-0

[Event "AUTO-MASTER-2616"]
[Site "http://www.queenalice.com/game.php?id=1485927"]
[Date "2017.7.13"]
[Round "1"]
[White "lelinho"]
[Black "betofortaleza"]
[Result "1-0"]
[WhiteElo "2113"]
[BlackElo "1882"]

1. d4 d5 2. c4 Nc6 3. e3 Be6 4. Nc3 Nf6 5. cxd5 Bxd5 6. Nxd5 Qxd5 7. Nf3 e6 8.
Be2 Ne4 9. O-O Bd6 10. a3 h5 11. Qc2 Rh6 12. Nd2 Ng5 13. Bc4 Qf5 14. e4 Qg6 15.
Bb5 Ke7 16. Bxc6 bxc6 17. Qxc6 Re8 18. e5 1-0

[Event "AUTO-MASTER-2616"]
[Site "http://www.queenalice.com/game.php?id=1485928"]
[Date "2017.7.13"]
[Round "1"]
[White "betofortaleza"]
[Black "lelinho"]
[Result "0-1"]
[WhiteElo "1889"]
[BlackElo "2108"]

1. e4 c5 2. e5 Nc6 3. f4 e6 4. Nf3 f6 5. Bb5 d6 6. Bxc6+ bxc6 7. exd6 Bxd6 8. d3
Ne7 9. Nc3 O-O 10. Be3 Qc7 11. g3 Nd5 12. Nxd5 cxd5 13. Qd2 d4 14. Bf2 Bb7 15.
Qe2 Qa5+ 16. Nd2 Bxh1 0-1

[Event "AUTO-MASTER-2616"]
[Site "http://www.queenalice.com/game.php?id=1485929"]
[Date "2017.7.13"]
[Round "1"]
[White "lelinho"]
[Black "dcchess"]
[Result "0-1"]
[WhiteElo "2097"]
[BlackElo "2109"]

1. d4 d5 2. c4 c6 3. e3 Nf6 4. Nf3 Bg4 5. Nc3 e6 6. h3 Bxf3 7. Qxf3 Bd6 8. cxd5
exd5 9. Bd3 O-O 10. O-O Nbd7 11. a3 a5 12. e4 dxe4 13. Nxe4 Nxe4 14. Bxe4 Nf6
15. Bg5 Be7 16. Rad1 Nxe4 17. Bxe7 Qxe7 18. Rfe1 f5 19. Qb3+ Qf7 20. Qxf7+ Kxf7
21. f3 Nf6 22. Re5 g6 23. Kh2 Rfe8 24. f4 Nd5 25. g3 Rad8 0-1

[Event "AUTO-MASTER-2616"]
[Site "http://www.queenalice.com/game.php?id=1485930"]
[Date "2017.7.13"]
[Round "1"]
[White "dcchess"]
[Black "lelinho"]
[Result "1-0"]
[WhiteElo "2121"]
[BlackElo "2095"]

1. e4 c5 2. c3 d6 3. f4 Nf6 4. Bd3 Nc6 5. Nf3 e6 6. Bc2 b5 7. d4 cxd4 8. Nxd4
Nxd4 9. cxd4 d5 10. e5 Ne4 11. O-O f5 12. exf6 Nxf6 13. f5 exf5 14. Bxf5 Be7 15.
Bc2 Bg4 16. Qd3 a6 17. Nc3 b4 18. Ne2 Bxe2 19. Qxe2 O-O 20. Bg5 Ne4 21. Bxe7
Rxf1+ 22. Rxf1 Qxe7 23. Bb3 Qe6 24. Qh5 Rd8 25. Qe5 Qxe5 26. dxe5 Nd2 27. Rd1
Nxb3 28. axb3 Kf7 29. Ra1 d4 30. Kf2 Ke6 31. Ke2 Kxe5 32. Rxa6 g6 33. Kd3 g5 34.
Rb6 g4 35. Rxb4 h6 36. g3 Rd5 37. Rb6 h5 38. Rh6 1-0